| 000 | 01436cam a22003858a 4500 | ||
|---|---|---|---|
| 001 | 15253237 | ||
| 005 | 20081121103636.0 | ||
| 008 | 080407s2008 pau b 001 0 eng | ||
| 010 | _a2008016029 | ||
| 020 | _a9780781770644 (alk. paper) | ||
| 020 | _a0781770645 | ||
| 035 | _a(DNLM)101470913 | ||
| 040 |
_aDNLM/DLC _cDLC |
||
| 042 | _apcc | ||
| 050 | 0 | 0 |
_aRT49 _b.C38 2008 |
| 060 | 1 | 0 |
_aWY 100 _bC294n 2008 |
| 082 | 0 | 0 |
_a610.73 _222 _bCAR NR |
| 100 | 1 | _aCarpenito-Moyet, Lynda Juall. | |
| 245 | 1 | 0 |
_aNursing Care Plans & Documentation : _bNursing Diagnoses and Collaborative Problems / _cLynda Juall Carpenito-Moyet. |
| 246 | 3 | _aNursing care plans and documentation | |
| 250 | _a5th ed. | ||
| 260 |
_aPhiladelphia : _bLippincott Williams & Wilkins, _cc2009. |
||
| 263 | _a1111 | ||
| 300 |
_axviii, 814 p. ; _bill. ; _c27 cm. |
||
| 504 | _aIncludes bibliographical references and index. | ||
| 650 | 0 | _aNursing care plans. | |
| 650 | 0 | _aNursing assessment. | |
| 650 | 0 | _aNursing diagnosis. | |
| 650 | 1 | 2 | _aPatient Care Planning. |
| 650 | 2 | 2 | _aNursing Process. |
| 650 | 2 | 2 | _aNursing Records. |
| 942 |
_2ddc _cBB |
||
| 999 |
_c10857 _d10857 |
||